Statistics for Disney Characters By First 3 Letters

Click here to take the quiz!

General Stats

  • This quiz has been taken 81 times
  • The average score is 11 of 15

Answer Stats

The Movie/ShowFirst 3 LettersCharacter Name% Correct
The Lion KingMufMufasa
96%
Finding NemoDorDory
93%
Lilo and ______StiStitch
93%
AladdinJafJafar
90%
TarzanJanJane
90%
Mickey MouseDonDonald Duck
87%
The Little MermaidUrsUrsula
87%
Winnie The PoohTigTigger
86%
Snow White and The Seven DwarfsSneSneezy
83%
BraveMerMerida
81%
BambiThuThumper
78%
TangledFlyFlynn Rider
62%
Beauty and The BeastChiChip
61%
HerculesKroKronk
26%
Peter PanMicMichael Darling
19%

Score Distribution

Percentile by Number Answered

Percent of People with Each Score

Your Score History

You have not taken this quiz